000 00268nam a22000977a 4500
999 _c9534
_d9534
008 180201b ||||| |||| 00| 0 eng d
020 _a9788124501955
100 _aJaini, C
_95706
245 _aABC of Information Technology - IX
260 _aNew Delhi
_bArya Publication
_c2008